000 00896nam a22002777a 4500
003 OSt
005 20251103085124.0
008 251027b |||||||| |||| 00| 0 eng d
020 _a978-621-00-13283
040 _aDWCL - Main Lib
_cOC
082 _23rd
_aRes. 330 S143g 2023
100 _aSarenas, Diana Lyn R.
245 _aGlobal times living history:
_bMga kontemporaryong isyu /
_cDiana Lyn R. Sarenas
250 _a3rd
260 _aQuezon City, Philippines :
_bSibs Publishing House, Inc.,
_cc2023.
300 _axi, 228 pages :
_billustrations ;
_c25 cm.
501 _aIncludes Talasanggunian
650 _a1. Contemporary issues
650 _a2. Human rights
650 _a3. Political issues
650 _a4. Economics
700 _aI. Diana Lyn R. Sarenas
700 _aII. Teresita P. Pedrajas
710 _aIII. Walfredo B. Bellen
942 _2ddc
_cBK-0 CIRC
_e3rd
_mRes.
_n0
999 _c5159
_d5159